000 00415nam a2200181Ia 4500
008 231221s9999 xx 000 0 und d
020 _a9790000000000
041 _aEnglish
082 _a001.6424PYT LUT;1
100 _aLutz, Mark.
245 0 _aLearning Python
250 _a4th ed.
260 _c2009
_bShroff
_aMumbai
300 _axLix, 1160+17
300 _c57170
650 _aPython
942 _cCD
999 _c210421
_d210421